عرض عادي
عرض مارك
- Bartee, Thomas C.
مدخل إسم شخص
001 - رقم الضبط
- حقل الضبط: 6102
003 - معرف رقم الضبط
- حقل الضبط: OSt
005 - تاريخ ووقت أخر عملية
- حقل الضبط: 20111102024807.0
008 - عناصر بيانات ثابتة الطول
- حقل تحكم ثابت الطول: 111102|||a|||||| | ||| d
040 ## - مصدر الفهرسة
- هيئة الفهرسة الأصلية: OSt
- وكالة الكتابة: OSt
100 ## - مدخل -- أسم شخص
- إسم شخص: Bartee, Thomas C.
670 ## - بيانات المصدر موجوده
- الاستشهاد بالمصدر: Work cat.: (OSt)0: Bartee, Thomas C., Computer architecture and logic design /, c1991.
